000 00878cab a2200241 4500
001 WB2920-39
008 090401t1993 xxu||||| |||| 00| 0 eng d
035 _a(Sirsi) u38238
041 _aeng
245 _aValuations and the bank manager
260 _c1993
350 _a0
490 _aCSW - The Property Week
_v43(9) 27 May 1993, 68(1)
520 _aLenders are only able to bring a successful negligence claim against a surveyor for over-valuation of a property in limited circumstances as demonstrated in "Mount Banking Corporation Ltd v Brian Cooper & Co." (1992).
650 _aNEGLIGENCE
650 _aOVER-VALUATION
650 _aSINGER AND FRIEDLANDER LTD V JOHN D WOOD AND CO
650 _aSWINGCASTLE LTD V ALASTAIR GIBSON
650 _aVALUERS
690 _aMANAGEMENT-BUSINESS MANAGEMENT-PROFESSIONAL PRACTICE
942 _n0
948 _c04/03/1997
999 _c24569
_d24569